000
00277pab a2200109 454500
008
180718b xxu||||| |||| 00| 0 eng d
100
_a
Gopalaswami, T.V.
245
_a
Returns from state enterprise
650
_a
Government Enterprise
773
_a
Financial Express
909
_a
22642
999
_c
22642
_d
22642